000 nam a22 7a 4500
999 _c9493
_d9493
008 180201b ||||| |||| 00| 0 eng d
100 _aJharna De
_95686
245 _aLab Manual :Mathematics - IX
260 _aNew Delhi
_bCordova Publication
_c2007